Spacemice: Pirate Spacecat Attack (Record no. 9165)

MARC details
000 -LEADER
fixed length control field 00753nam a22002057a 4500
003 - CONTROL NUMBER IDENTIFIER
control field OSt
005 - DATE AND TIME OF LATEST TRANSACTION
control field 20260316082445.0
008 - FIXED-LENGTH DATA ELEMENTS--GENERAL INFORMATION
fixed length control field 260316b |||||||| |||| 00| 0 eng d
020 ## - INTERNATIONAL STANDARD BOOK NUMBER
International Standard Book Number 978-1-338-08860-1
040 ## - CATALOGING SOURCE
Original cataloging agency DWCL GS lib
Transcribing agency OC
100 ## - MAIN ENTRY--PERSONAL NAME
Personal name GERONIMO STILTON
245 ## - TITLE STATEMENT
Title Spacemice: Pirate Spacecat Attack
Statement of responsibility, etc. GERONIMO STILTON
260 ## - PUBLICATION, DISTRIBUTION, ETC.
Place of publication, distribution, etc. New York
Name of publisher, distributor, etc. Scholastic Inc
Date of publication, distribution, etc. 2017
300 ## - PHYSICAL DESCRIPTION
Extent vii, 111 pages.
Dimensions 19cm.
520 ## - SUMMARY, ETC.
Summary, etc. In Geronimo Stilton Spacemice #10: Pirate Spacecat Attack, Geronimo Stiltonix takes the broken MouseStar 1 computer, Hologramix, to be repaired on a distant planet.
546 ## - LANGUAGE NOTE
Language note English
650 ## - SUBJECT ADDED ENTRY--TOPICAL TERM
Source of heading or term children's science fiction
650 ## - SUBJECT ADDED ENTRY--TOPICAL TERM
Source of heading or term animal fantasy, and humorous fiction,
942 ## - ADDED ENTRY ELEMENTS (KOHA)
Source of classification or shelving scheme Dewey Decimal Classification
Koha item type Fiction
Classification part Fic.
Suppress in OPAC No

No items available.